Gas turbine theory / (Record no. 60111)
[ view plain ]
| 000 -LEADER | |
|---|---|
| fixed length control field | 01222cam a22003134a 4500 |
| 001 - CONTROL NUMBER | |
| control field | 12202537 |
| 003 - CONTROL NUMBER IDENTIFIER | |
| control field | NUST-PNEC |
| 005 - DATE AND TIME OF LATEST TRANSACTION | |
| control field | 20170114142537.0 |
| 008 - FIXED-LENGTH DATA ELEMENTS--GENERAL INFORMATION | |
| fixed length control field | 001016s2001 nyua b 001 0 eng |
| 010 ## - LIBRARY OF CONGRESS CONTROL NUMBER | |
| LC control number | 00051594 |
| 020 ## - INTERNATIONAL STANDARD BOOK NUMBER | |
| International Standard Book Number | 013015847X |
| 040 ## - CATALOGING SOURCE | |
| Original cataloging agency | DLC |
| Transcribing agency | PNEC |
| Modifying agency | DLC |
| 042 ## - AUTHENTICATION CODE | |
| Authentication code | pcc |
| 050 00 - LIBRARY OF CONGRESS CALL NUMBER | |
| Classification number | TJ778 |
| Item number | .S24 2001 |
| 082 00 - DEWEY DECIMAL CLASSIFICATION NUMBER | |
| Classification number | 621.433 SAR |
| 100 1# - MAIN ENTRY--PERSONAL NAME | |
| Personal name | Saravanamuttoo, H. I. H. |
| 245 10 - TITLE STATEMENT | |
| Title | Gas turbine theory / |
| Statement of responsibility, etc. | H.I.H. Saravanamuttoo, G.F.C. Rogers, H. Cohen. |
| 250 ## - EDITION STATEMENT | |
| Edition statement | 5th ed. |
| 260 ## - PUBLICATION, DISTRIBUTION, ETC. | |
| Place of publication, distribution, etc. | Harlow, England ; New York : |
| Name of publisher, distributor, etc. | Prentice Hall, |
| Date of publication, distribution, etc. | c2001. |
| 300 ## - PHYSICAL DESCRIPTION | |
| Extent | xvi, 491 p. : |
| Other physical details | ill. ; |
| Dimensions | 24 cm. |
| 500 ## - GENERAL NOTE | |
| General note | Includes index. http://www.amazon.com/Gas-Turbine-Theory-5th-Edition/dp/013015847X/ref=sr_1_1?ie=UTF8&qid=1399645138&sr=8-1&keywords=gas+turbine+theory+cohen+5 |
| 504 ## - BIBLIOGRAPHY, ETC. NOTE | |
| Bibliography, etc. note | Includes bibliographical references (p. [475]-482) and index. |
| 650 #0 - SUBJECT ADDED ENTRY--TOPICAL TERM | |
| Topical term or geographic name entry element | Gas-turbines. |
| General subdivision | ME |
| 700 1# - ADDED ENTRY--PERSONAL NAME | |
| Personal name | Rogers, G. F. C. |
| Fuller form of name | (Gordon Frederick Crichton) |
| 700 1# - ADDED ENTRY--PERSONAL NAME | |
| Personal name | Cohen, Henry, |
| Dates associated with a name | 1921 September 29- |
| 906 ## - LOCAL DATA ELEMENT F, LDF (RLIN) | |
| a | 7 |
| b | cbc |
| c | orignew |
| d | 1 |
| e | ocip |
| f | 20 |
| g | y-gencatlg |
| 942 ## - ADDED ENTRY ELEMENTS (KOHA) | |
| Source of classification or shelving scheme | |
| Koha item type | Book |
| Withdrawn status | Lost status | Source of classification or shelving scheme | Damaged status | Not for loan | Permanent Location | Current Location | Date acquired | Source of acquisition | Cost, normal purchase price | Total Checkouts | Full call number | Barcode | Date last seen | Date last checked out | Cost, replacement price | Price effective from | Koha item type |
|---|---|---|---|---|---|---|---|---|---|---|---|---|---|---|---|---|---|
| Pakistan Navy Engineering College (PNEC) | Pakistan Navy Engineering College (PNEC) | 03/13/2012 | Paramount Publishing Enterprise | 713.00 | 3 | 621.433 SAR | PNECBB-006399 | 08/26/2016 | 08/26/2016 | 713.00 | 03/13/2012 | Book | |||||
| Pakistan Navy Engineering College (PNEC) | Pakistan Navy Engineering College (PNEC) | 03/13/2012 | Paramount Publishing Enterprise | 713.00 | 6 | 621.433 SAR | PNECBB-006400 | 08/23/2016 | 08/23/2016 | 713.00 | 03/13/2012 | Book | |||||
| Pakistan Navy Engineering College (PNEC) | Pakistan Navy Engineering College (PNEC) | 03/13/2012 | Paramount Publishing Enterprise | 713.00 | 5 | 621.433 SAR | PNECBB-006401 | 08/18/2016 | 08/18/2016 | 713.00 | 03/13/2012 | Book | |||||
| Pakistan Navy Engineering College (PNEC) | Pakistan Navy Engineering College (PNEC) | 03/13/2012 | Paramount Publishing Enterprise | 713.00 | 6 | 621.433 SAR | PNECBB-006402 | 08/23/2016 | 08/23/2016 | 713.00 | 03/13/2012 | Book | |||||
| Pakistan Navy Engineering College (PNEC) | Pakistan Navy Engineering College (PNEC) | 03/13/2012 | Paramount Publishing Enterprise | 713.00 | 7 | 621.433 SAR | PNECBB-006403 | 08/18/2016 | 08/18/2016 | 713.00 | 03/13/2012 | Book |
